000 00269nam a22001337a 4500
007 9780030158933
008 180307b xxu||||| |||| 00| 0 eng d
041 _aeng
080 _a33
100 _a50
101 _abus
245 _abusiness
_ckutz.b
942 _2udc
_cBK
999 _c44257
_d44257